00616cam a22001937a 4500003000500000005001700005008004100022010001000063011001000073035001000083040000900093100002300102245008600125260012200211300002400333650001900357700001700376700002900393CHAP20220329142232.0000314d mx a r 00010 spa d a80309 a81281 a91748 cCHAP00aLinares, Adelmira. 0aAlgunas plantas mexicanas y sus polinizadoresc/por Edelmira Linares y Robert Bye aMéxico, D. F. :bUniversidad Nacional Autónoma de México. Instituto de Biología. Jardín Botánico,c[199?] a1 p. :b6 láminas14aPolinizadores.0 aBye, Robert.0 aEsparza A., Elviaeilus.